Sports biomechanics / (Record no. 38763)
[ view plain ]
| 000 -LEADER | |
|---|---|
| fixed length control field | 00843nam a22002417a 4500 |
| 005 - DATE AND TIME OF LATEST TRANSACTION | |
| control field | 2010080203403.0 |
| 010 ## - LCCN (DPL NO) | |
| LC control number | ENG-97625 |
| 020 ## - INTERNATIONAL STANDARD BOOK NUMBER | |
| International Standard Book Number | 9788183161343 |
| Terms of availability | 400.00 |
| 035 ## - SYSTEM CONTROL NUMBER | |
| System control number | 81158 |
| 037 ## - SOURCE OF ACQUISITION | |
| Source of stock number/acquisition | DBAD/PUB |
| 082 ## - DEWEY DECIMAL CLASSIFICATION NUMBER | |
| Classification number | 612.76 |
| 100 ## - MAIN ENTRY--PERSONAL NAME | |
| Personal name | Vastrad, Basavarj |
| 245 ## - TITLE STATEMENT | |
| Title | Sports biomechanics / |
| Statement of responsibility, etc | by Basavaraj Vastrad ; edited by Y.Kishore |
| 260 ## - PUBLICATION, DISTRIBUTION, ETC. (IMPRINT) | |
| Place of publication, distribution, etc | New Delhi |
| Name of publisher, distributor, etc | Neelkamal Publications |
| Date of publication, distribution, etc | 2008 |
| 270 ## - ADDRESS | |
| Address | BG/9B, Paschim Vihar, |
| City | New Delhi |
| Postal code | 110 063, |
| 300 ## - PHYSICAL DESCRIPTION | |
| Extent | xi, 171p. |
| Dimensions | 22cm (Hb) |
| 500 ## - GENERAL NOTE | |
| General note | Includes bibliographical references and index |
| 650 ## - SUBJECT ADDED ENTRY--TOPICAL TERM | |
| Topical term or geographic name as entry element | Human-mechanism |
| 650 ## - SUBJECT ADDED ENTRY--TOPICAL TERM | |
| Topical term or geographic name as entry element | Sports-physiological aspects |
| 700 ## - ADDED ENTRY--PERSONAL NAME | |
| Personal name | Kishore, y. |
| 9 (RLIN) | 4479 |
| 942 ## - ADDED ENTRY ELEMENTS (KOHA) | |
| Source of classification or shelving scheme | Dewey Decimal Classification |
| Item type | English Books |
| Classification part | 612 |
| Call number suffix | VAS |
| Withdrawn status | Lost status | Not for loan | Collection code | Home library | Current library | Date acquired | Source of acquisition | Cost, normal purchase price | Full call number | Barcode | Copy number | Cost, replacement price | Koha item type |
|---|---|---|---|---|---|---|---|---|---|---|---|---|---|
| Not For Loan | Non-fiction | D.B.Act.Division | D.B.Act.Division | 02/08/2010 | DBAD/PUB | 400.00 | 612 VAS | EN-81158 | 1 | 400.00 | English Books |
